Kral' Ľudovit i Evcharistija

Bibliographic Details
Main Author: Jasik, Milan, 1976- (Author)
Format: Article
Language:Ukrainian
ISSN:1336-65643
Subjects:

MARC

LEADER 00000nab a2200000 4500
001 vtls012077098
003 SK-MaSNL
005 20260303182738.0
008 211111c2020 xo qr|p || ||00 b0ukr
015 |a SNBRB2021/11 
038 |a SVKPOCL 
040 |a SVKPOCL  |b slo  |c SVKPOCL  |e rda 
041 0 |a ukr 
044 |a xo  |c SK 
072 7 |a 27-4  |x Praktická teológia. Morálna teológia  |2 konspekt 
072 7 |a 27-1/-2  |x Kresťanská teológia. Dogmatická teológia  |2 konspekt 
072 7 |a 82-1/-8  |x Literatúra rôznych foriem a žánrov  |2 konspekt 
080 |a 27-184  |2 2011 
080 |a 82-97:27-184  |2 2011 
080 |a 27-29:27-184  |2 2011 
080 |a 821.161.25(437.6)-3:17.023.34  |2 2011 
080 |a 316.644  |2 2011 
100 1 |a Jasik, Milan,  |d 1976-  |4 aut  |9 265373 
245 1 0 |a Kral' Ľudovit i Evcharistija  |c Milan Jasîk 
336 |a text  |b txt  |2 rdacontent 
337 |a bez média  |b n  |2 rdamedia 
338 |a zväzok  |b nc  |2 rdacarrier 
500 |a Článok je uverejnený v latinke 
500 |a V rubrike Poučny prîhody z istoriji 
650 0 7 |a náboženské názory a postoje  |2 SNKPH  |9 4304 
650 0 7 |a praktická teológia  |2 SNKPH  |9 1806 
650 0 7 |a náboženské prózy  |2 svkpocl  |9 537823 
650 0 7 |a náboženské príbehy  |2 svkpocl  |9 506784 
655 7 |a náboženské prózy  |2 SNKPH  |9 79486 
773 0 |t Artos  |g Roč. XVI, č. 2 (2020), s. 7  |x 1336-65643 
852 |a SVKPO  |b KIS3GCP 
958 |a RN 
958 |a LX 
958 |a SS 
958 |a NT 
958 |a NM 
958 |a SK 
999 |c 2118049  |d 2119979